00342nam a2200133Ia 4500003000400000008004100004040001600045082001300061100001900074245005100093260002600144650002000170650001800190GCL140319s9999 xx 000 0 eng d aGCL / cGCL04a709bD C1 aDUCHER, RABERT10aCARACTE'RISTIQUE DES STYLES / cDUCHER, RABERT a[S.N] : bFlam marion04aDECORATIVE ARTS04aARTS, HISTORY